000
00287nam a2200121Ia 4500
008
190216s9999||||xx |||||||||||||| ||und||
100
_a
Ramesh Chopra
245
0
_a
Electronics Project 1997-80
260
_b
Efy Pub New Delhi
_c
1982
300
_a
128p
650
_a
Lekhanam
942
_c
BK
999
_c
25652
_d
25652